Probabilidad y estadística para ingenieros de Miller y Freund
Gardado en:
| Autor Principal: | |
|---|---|
| Formato: | Libro |
| Idioma: | Lingua castelá |
| Publicado: |
Ciudad de México
Prentice Hall Hispanoamericana
1997
|
| Edición: | 3a. ed |
| Subjects: | |
| Tags: |
Engadir etiqueta
Sen Etiquetas, Sexa o primeiro en etiquetar este rexistro!
|
MARC
| LEADER | 00000nam a2200000 a 4500 | ||
|---|---|---|---|
| 001 | UCQ8614 | ||
| 003 | CL-VaPUC | ||
| 005 | 20231221134236.0 | ||
| 008 | 981210e19970000MX |||||||||||||||||spa|d | ||
| 999 | |c 277831 |d 277829 | ||
| 020 | |a 9688809616 | ||
| 040 | |c Pontificia Universidad Católica de Valparaíso | ||
| 082 | 0 | 4 | |a 519.5 |b JOH |2 21 |
| 100 | |a Johnson, Richard Arnold |e author |9 605492 | ||
| 245 | 1 | 0 | |a Probabilidad y estadística para ingenieros de Miller y Freund |
| 250 | |a 3a. ed | ||
| 260 | |a Ciudad de México |b Prentice Hall Hispanoamericana |c 1997 | ||
| 300 | |a 630 p | ||
| 583 | |a last modification |c 19981210 00:00:00 |k Rodrigo Vera | ||
| 650 | 0 | |a Probabilidades |9 886791 |x Ingeniería | |
| 650 | 0 | |a Estadística |9 270100 |v Ingeniería | |
| 650 | 0 | |a Muestreo (Estadística) |9 270232 | |
| 650 | 0 | |a Análisis de varianza |9 336938 | |
| 942 | |c BK |2 ddc | ||
| 945 | |d 19981210 00:00:00 |a aarredon | ||
| 952 | |0 0 |1 0 |4 0 |6 519_500000000000000_JOH_1997 |7 0 |8 A |9 316046 |a BIBING |b BIBING |d 2019-11-20 |i 3487164 |l 3 |m 4 |o 519.5 JOH 1997 |p 3487164 |r 2025-01-20 |s 2023-09-08 |w 2019-11-20 |y BK |k EIQ | ||
| 952 | |0 0 |1 2 |4 0 |6 519_500000000000000_JOH_1997 |7 0 |8 A |9 316047 |a BIBGIM |b BIBGIM |d 2019-11-20 |i 3994627 |o 519.5 JOH 1997 |p 3994627 |r 2019-11-20 |w 2019-11-20 |y BK |k EST | ||
| 952 | |0 0 |1 0 |4 0 |6 519_500000000000000_JOH_1997 |7 0 |8 A |9 316048 |a BIBGIM |b BIBGIM |d 2019-11-20 |i 3994635 |o 519.5 JOH 1997 |p 3994635 |r 2025-01-15 |w 2019-11-20 |y BK |k EST | ||
| 952 | |0 0 |1 0 |4 0 |6 519_500000000000000_JOH_1997 |7 0 |8 A |9 316049 |a BIBGIM |b BIBGIM |d 2019-11-20 |i 3994643 |o 519.5 JOH 1997 |p 3994643 |r 2025-01-15 |w 2019-11-20 |y BK |k EST | ||
| 952 | |0 0 |1 0 |4 0 |6 519_500000000000000_JOH_1997 |7 0 |8 A |9 316050 |a BIBGIM |b BIBGIM |d 2019-11-20 |i 3994651 |o 519.5 JOH 1997 |p 3994651 |r 2025-01-15 |w 2019-11-20 |y BK |k EST | ||
| 952 | |0 0 |1 0 |4 0 |6 519_500000000000000_JOH_1997 |7 0 |8 A |9 316051 |a BIBGIM |b BIBGIM |d 2019-11-20 |i 399466K |o 519.5 JOH 1997 |p 399466K |r 2025-01-15 |w 2019-11-20 |y BK |k EST | ||